000 00766cam a22002533a 4500
001 22048
003 PGUSA
005 20140828083453.0
008 070711s2007||||xxu|||||s|||||000 | eng d
040 _aPGUSA
_beng
042 _adc
050 4 _aDC
100 1 _aHugo, Victor,
_d1802-1885
245 1 0 _aNapoléon Le Petit
_h[electronic resource] /
_cVictor Hugo
260 _bProject Gutenberg,
_c2007
506 _aPublic domain in the USA.
516 _aElectronic text
653 _aNapoleon III, Emperor of the French, 1808-1873
653 _aFrance -- History -- Second Republic, 1848-1852
653 _aFrance -- History -- Coup d'état, 1851
830 0 _aProject Gutenberg
_v22048
856 4 0 _uhttp://www.gutenberg.org/ebooks/22048
942 _cEB
999 _c251303
_d251303